书目信息 |
| 题名: |
宋拓柳公权玄秘塔
|
|
| 作者: | 柳公权 书 | |
| 分册: | ||
| 出版信息: | 武汉 武汉市古籍书店 |
|
| 页数: | 1册 | |
| 开本: | 26cm | |
| 丛书名: | ||
| 单 册: | ||
| 中图分类: | J292.24 | |
| 科图分类: | ||
| 主题词: | 汉字--书法--中国--隋唐时代 | |
| 电子资源: | ||
| ISBN: | ||
| 000 | 00637nam0 2200229 45 | |
| 001 | 0182007726 | |
| 005 | 20060510153643.46 | |
| 010 | @dCNY0.60 | |
| 100 | @a19950515d1982 em y0chiy0121 ea | |
| 101 | 0 | @achi |
| 102 | @aCN@b420000 | |
| 105 | @ay z 000yy | |
| 200 | 10 | @a宋拓柳公权玄秘塔@Asong ta liu gong quan xuan mi ta@f(唐)柳公权书@F(Tang)Liu Gong Quan Shu |
| 205 | @b影印本 | |
| 210 | @a武汉@c武汉市古籍书店 | |
| 215 | @a1册@d26cm | |
| 606 | @a汉字@x书法@y中国@z隋唐时代 | |
| 690 | @aJ292.24@v3 | |
| 701 | 0 | @a柳公权@4书 |
| 801 | 2 | @aCN@bNLC@c20060510 |
| 801 | 0 | @aCN@b上海图书馆@c20041210 |
| 905 | @f1@b208131@dJ292.24@e179 | |
| 宋拓柳公权玄秘塔/(唐)柳公权书.-影印本.-武汉:武汉市古籍书店 |
| 1册;26cm |
| ISBN :CNY0.60 |
| ● |
| 相关链接 |
|
|
|
|
正题名:宋拓柳公权玄秘塔
索取号:J292.24/179
 
预约/预借
| 序号 | 登录号 | 条形码 | 馆藏地/架位号 | 状态 | 备注 |
| 1 | 0208131 | 001491987 | 第一借阅区/ [索取号:J292.24/179] | 在馆 | |
| 2 | 0208132 | 202318447 | 密集书库/ [索取号:J292.24/179] | 在馆 | |
| 3 | 0208133 | 001210219 | 第一样本阅览室/ [索取号:J292.24/179] | 在馆 |